00233dam a22000977a 4500008004100000100001800041245002800059250001100087260002800098500000900126190527e1985 ag ||||| |||| 00| 0 spa d aMurro, Hector aFisiologia de la sangre a1a ed. aBuenos AiresbCTMc1985 aBaja